[Event "French Defence-Burn Variation 4---dxe4"]
[Site "SchemingMind.com"]
[Date "2007.09.07"]
[Round "-"]
[White "Theodoric"]
[Black "Shanks"]
[Result "1-0"]
[WhiteCountry "ENG"]
[BlackCountry "ENG"]
[WhiteElo "1850"]
[WhiteRD "58"]
[BlackElo "1509"]
[BlackRD "80"]
[GameID "118952"]

1. e4 e6 2. d4 d5 3. Nc3 Nf6 4. Bg5 dxe4 5. Nxe4 Be7 6. Bxf6 gxf6 7. Qd3 b6 8. O-O-O Bb7 9. Nf3 f5 10. Nc3 c6
11. Be2 Nd7 12. Kb1 Bf6 13. Qe3 Bg7 14. Bd3 Qc7 15. Rhe1 O-O-O 16. h3 h6 17. Bc4 f4 18. Qe2 Kb8 19. a3 Nf6 20. Qe5 Qxe5
21. dxe5 Rxd1+ 22. Rxd1 Nd5 23. Bxd5 exd5 24. Ne2 f6 25. e6 Re8 26. Ned4 c5 27. Nf5 Bh8 28. Re1 Ba8 29. e7 d4 30. Nd6 Bc6
31. Nxe8 Bxe8 32. Nh4 Kb7= 33. Nf5 h5 34. Nd6+ Kc7 35. Nxe8+ Kd7 36. Nxf6+ Bxf6 37. e8=Q+ Kc7 38. Qf7+ Kc6 39. Qxf6+ Kb5 40. Qxf4 a5
41. Qe5 h4 42. Qe8+ Ka6 43. a4 c4 44. Qa8#
1-0

[Event "French Defence-Burn Variation 4---dxe4"]
[Site "SchemingMind.com"]
[Date "2007.09.07"]
[Round "-"]
[White "Shanks"]
[Black "Theodoric"]
[Result "0-1"]
[WhiteCountry "ENG"]
[BlackCountry "ENG"]
[WhiteElo "1493"]
[WhiteRD "79"]
[BlackElo "1830"]
[BlackRD "60"]
[GameID "118953"]

1. e4 e6 2. d4 d5 3. Nc3 Nf6 4. Bg5 dxe4 5. Nxe4 Be7 6. Nxf6+ Bxf6 7. Be3 O-O 8. c3 Nc6 9. Nf3 Bd7 10. Be2 a6
11. a3 Re8 12. O-O Ne7 13. b4 Nd5 14. Bd2 b5 15. c4 bxc4 16. Bxc4 Bb5 17. Bxb5 axb5 18. Bc1 c6 19. Bb2 Nb6 20. Ne5 Bxe5
21. dxe5 Nc4 22. Qxd8 Rexd8 23. Bc3 g6 24. g3 Rxa3 25. Rxa3 Nxa3 26. Bb2 Nc4 27. Bc3 Nd2 28. Bxd2 Rxd2 29. Rc1 Rb2 30. Rxc6 Rxb4
31. Rc8+ Kg7 32. Kg2 Rb2 33. Rc5 g5 34. Rc1 b4 35. Rh1 h6 36. g4 Kg6 37. h3 f6 38. exf6= Kxf6 39. h4 e5 40. hxg5+ Kxg5
41. Kg3 Rb3+ 42. f3 e4 43. Rh5+ Kg6 44. Kf4 exf3 45. Kg3 Rc3 46. Rb5 b3 47. Rb6+ Kg5 48. Rb5+ Kf6 49. Rb6+ Ke5 50. Rb5+ Kd4
51. Rb6 Ke3 52. Rxh6 Ke2 53. Re6+ Kf1 54. Kh4 f2 55. g5 b2 56. Rb6 Kg1 57. Rxb2 f1=Q 58. g6 Qf6+ 59. Kh5 Qe5+ 60. Kg4 Rg3+
61. Kh4 Qg5#
0-1

[Event "French Defence-Burn Variation 4---dxe4"]
[Site "SchemingMind.com"]
[Date "2007.09.07"]
[Round "-"]
[White "marks"]
[Black "Shanks"]
[Result "1-0"]
[WhiteCountry "PHI"]
[BlackCountry "ENG"]
[WhiteElo "1717"]
[WhiteRD "61"]
[BlackElo "1500"]
[BlackRD "90"]
[GameID "118957"]

1. e4 e6 2. Nf3 d5 3. exd5 exd5 4. d4 h6 5. Bd3 Nf6 6. O-O Be7 7. Re1 O-O 8. Nc3 a6 9. Bd2 c6 10. a3 c5
11. dxc5 Bxc5 12. Qc1 d4 13. Ne4 Bb6 14. Bxh6 Nxe4 15. Rxe4 Nc6 16. Rh4 Ne7 17. Bxg7 Nf5 18. Bxf5 Bxf5 19. Rh8+ Kxg7 20. Qh6#
1-0

[Event "French Defence-Burn Variation 4---dxe4"]
[Site "SchemingMind.com"]
[Date "2007.09.06"]
[Round "-"]
[White "marks"]
[Black "Theodoric"]
[Result "1-0"]
[WhiteCountry "PHI"]
[BlackCountry "ENG"]
[WhiteElo "1717"]
[WhiteRD "61"]
[BlackElo "1828"]
[BlackRD "57"]
[GameID "118958"]

1. e4 e6 2. d4 d5 3. exd5 exd5 4. Nf3 Nc6 5. Bb5 Bd7 6. O-O Bd6 7. Re1+ Nce7 8. Qe2 c6 9. Bd3 Qc7 10. Nbd2 O-O-O
11. b3 h6 12. c4 Nf6 13. Bb2 Rde8 14. Qd1 g5 15. Ne5 Be6 16. c5 Bxe5 17. dxe5 Nd7 18. b4 Ng6 19. a4 Ngxe5 20. Bxe5 Nxe5
21. Bf1 Ng4 22. Nf3 Nf6 23. b5 Ne4 24. Qd4 Bd7 25. Rab1 Rhg8 26. b6 axb6 27. Rxb6 Bf5 28. a5 Kd7 29. Reb1 Rb8 30. R1b3 Rge8
31. Nd2 Nxd2 32. Qxd2 Rec8 33. Qb2 Qd8 34. Rxb7+ Rxb7 35. Rxb7+ Rc7 36. a6 Rxb7 37. axb7 Qb8 38. h3 h5 39. Be2 g4 40. hxg4 Bxg4
41. Bd3 h4 42. f4 Qe8 43. Qe5 Qxe5 44. fxe5 Kc7 45. Ba6 d4 46. Kf2 h3 47. gxh3 Bxh3 48. Ke1 Bf5 49. Kd2 d3 50. Bxd3 Bxd3
51. Kxd3 Kxb7 52. Ke4
1-0

[Event "French Defence-Burn Variation 4---dxe4"]
[Site "SchemingMind.com"]
[Date "2007.09.07"]
[Round "-"]
[White "Shanks"]
[Black "marks"]
[Result "0-1"]
[WhiteCountry "ENG"]
[BlackCountry "PHI"]
[WhiteElo "1493"]
[WhiteRD "79"]
[BlackElo "1732"]
[BlackRD "63"]
[GameID "118959"]

1. e4 e6 2. d4 d6 3. c3 Nf6 4. Nf3 Be7 5. Be2 O-O 6. O-O b6 7. Nbd2 Bb7 8. a3 c5 9. d5 exd5 10. e5 dxe5
11. Nxe5 Nc6 12. Nxc6 Bxc6 13. Nf3 Qc7 14. b4 Rad8 15. b5 Bb7 16. a4 Bd6 17. g3 Ne4 18. Bb2 Bxg3 19. fxg3 Nxg3 20. Rf2 Nf5
21. Bf1 Rd6 22. c4 Rg6+ 23. Rg2 Ne3 24. Qd2 d4 25. Rxg6 fxg6 26. Be2 Bxf3 27. Bxf3 Rxf3 28. Bxd4 cxd4 29. Qxd4 Qf4 30. Qxf4 Rxf4
31. a5 Nxc4 32. axb6 axb6 33. Ra8+ Kf7 34. Ra7+ Kf6 35. Rc7 g5 36. Rc6+ Kf5 37. Rc7 Kg4 38. Rxg7 h5 39. Re7 h4 40. Rg7 h3
41. Re7 Nd2 42. Re1 Nf3+ 43. Kf2 Nxe1+ 44. Kxe1 Rd4 45. Ke2 Kf4 46. Kf2 Rd2+ 47. Ke1 Ke3 48. Kf1 g4 49. Ke1 Rd5 50. Kf1 Rd1#
0-1

[Event "French Defence-Burn Variation 4---dxe4"]
[Site "SchemingMind.com"]
[Date "2007.09.07"]
[Round "-"]
[White "Theodoric"]
[Black "marks"]
[Result "1/2-1/2"]
[WhiteCountry "ENG"]
[BlackCountry "PHI"]
[WhiteElo "1828"]
[WhiteRD "57"]
[BlackElo "1717"]
[BlackRD "61"]
[GameID "118960"]

1. e4 e6 2. d4 d5 3. Nc3 dxe4 4. Nxe4 Nf6 5. Nxf6+ Qxf6 6. Nf3 Bd6 7. Bg5 Qg6 8. Bd3 f5 9. g4 h6 10. gxf5 exf5
11. Qe2+ Qe6 12. Qxe6+ Bxe6 13. Bd2 Nd7 14. O-O-O O-O-O 15. Kb1 g5 16. Rde1 Bd5 17. Ne5 Nxe5 18. dxe5 Bxh1 19. Bxf5+ Kb8 20. exd6 Rxd6
21. Bb4 Rf6 22. Bc3 Rxf5 23. Bxh8 Bc6 24. Rd1 Kc8 25. Rd2 b6 26. b3 a5 27. Bd4 Kb7 28. Re2 g4 29. Be5 h5 30. Bg3 Bf3
31. Re7 Rc5 32. Kb2 Bd1 33. c3 b5 34. Re5 Rxe5 35. Bxe5=
1/2-1/2

[Event "French Defence-Burn Variation 4---dxe4"]
[Site "SchemingMind.com"]
[Date "2007.09.07"]
[Round "-"]
[White "lacus66"]
[Black "Shanks"]
[Result "0-1"]
[WhiteCountry "HUN"]
[BlackCountry "ENG"]
[WhiteElo "1668"]
[WhiteRD "72"]
[BlackElo "1509"]
[BlackRD "80"]
[GameID "119218"]

1. e4 e6 2. d4 d5 3. Nc3 Nf6 4. e5 Nfd7 5. f4 c5 6. dxc5 Bxc5 7. Nf3 a6 8. a3 Nc6 9. Na4 Ba7 10. c3 b5
11. Bd3 O-O 12. b4 Bb7 13. Ng5 g6 14. h4 bxa4 15. Qxa4 Nb6 16. Qc2 d4 17. c4 Nc8 18. c5 N8e7 19. h5 Nf5 20. O-O Ng3
21. Nxh7 Nxh5 22. Nxf8 Kxf8 23. Rf3 Ne7 24. Rh3 Nf5 25. g4 Ne3 26. Bxe3 dxe3 27. Qc4 Ng7 28. Rh8+ Ke7 29. Rxd8 Rxd8 30. Be2 Rh8
31. Qd4 Rh1#
0-1

[Event "French Defence-Burn Variation 4---dxe4"]
[Site "SchemingMind.com"]
[Date "2007.09.05"]
[Round "-"]
[White "lacus66"]
[Black "Theodoric"]
[Result "0-1"]
[WhiteCountry "HUN"]
[BlackCountry "ENG"]
[WhiteElo "1696"]
[WhiteRD "70"]
[BlackElo "1828"]
[BlackRD "57"]
[GameID "119219"]

1. e4 e6 2. d4 d5 3. Nc3 Nf6 4. e5 Nfd7 5. f4 c5 6. Nf3 Nc6 7. Be3 cxd4 8. Nxd4 Nxd4 9. Bxd4 a6 10. Bd3 Be7
11. O-O Bc5 12. Bxc5 Nxc5 13. Be2 Qb6 14. b3 Ne4+ 15. Kh1 Nf2+ 16. Rxf2 Qxf2 17. Qf1 Qxf1+ 18. Bxf1 O-O 19. Rd1 b5 20. b4 Bb7
21. Ne2 Rac8 22. Nd4 Rc3 23. Rd3 Rxd3 24. Bxd3 Rc8 25. a3 Rc3 26. Nb3 d4 27. Kg1 Bd5 28. Kf2 Bxb3 29. cxb3 Rxd3
0-1

[Event "French Defence-Burn Variation 4---dxe4"]
[Site "SchemingMind.com"]
[Date "2007.09.04"]
[Round "-"]
[White "lacus66"]
[Black "joab"]
[Result "1-0"]
[WhiteCountry "HUN"]
[BlackCountry "CAN"]
[WhiteElo "1696"]
[WhiteRD "70"]
[BlackElo "1257"]
[BlackRD "78"]
[GameID "119220"]

1. e4 e6 2. d4 d5 3. Nc3 Bb4 4. e5 f6 5. Bd3 b6 6. Qh5+ Kd7 7. a3 Bxc3+ 8. bxc3 Bb7 9. Nf3 Nc6 10. O-O Nge7
11. exf6 gxf6 12. Re1
1-0

[Event "French Defence-Burn Variation 4---dxe4"]
[Site "SchemingMind.com"]
[Date "2007.09.07"]
[Round "-"]
[White "lacus66"]
[Black "marks"]
[Result "0-1"]
[WhiteCountry "HUN"]
[BlackCountry "PHI"]
[WhiteElo "1696"]
[WhiteRD "70"]
[BlackElo "1717"]
[BlackRD "61"]
[GameID "119221"]

1. e4 e6 2. d4 c5 3. Nf3 cxd4 4. Nxd4 Nc6 5. Nb5 a6 6. Nd6+ Bxd6 7. Qxd6 Qe7 8. Qxe7+ Ngxe7 9. Bg5 O-O 10. Bd3 Ng6
11. g3 Nce5 12. Nc3 h6 13. Be3 Nxd3+ 14. cxd3 d6 15. O-O b5 16. b4 Bb7 17. f4 Rad8 18. h4 d5 19. Bc5 Rfe8 20. e5 Rc8
21. Bd4 h5 22. Rac1 Ne7 23. Bf2 Kh7 24. d4 Rc4 25. a3 Rec8 26. Ne2 Nf5 27. Kg2 Rxc1 28. Rxc1 Rc4 29. Rxc4 dxc4+ 30. Kf1 Ne7
31. Nc3 Nd5 32. Nxd5 Bxd5 33. Be3 Kg6 34. Ke2 Kf5 35. Kf2 Ke4 36. Ke2 c3 37. Bf2 Bc4+ 38. Kd1 Bd3 39. Kc1 Kf3 40. Be1 c2
41. Kd2 Ke4 42. Bf2 Kf3 43. Be1 Be4 44. Kc1 Ke2 45. Bd2 Kd3 46. Be1 Kxd4 47. Kd2 Bf5
0-1

[Event "French Defence-Burn Variation 4---dxe4"]
[Site "SchemingMind.com"]
[Date "2007.09.09"]
[Round "-"]
[White "Shanks"]
[Black "lacus66"]
[Result "0-1"]
[WhiteCountry "ENG"]
[BlackCountry "HUN"]
[WhiteElo "1493"]
[WhiteRD "79"]
[BlackElo "1676"]
[BlackRD "78"]
[GameID "119222"]

1. e4 e6 2. d4 d5 3. Nc3 Bb4 4. e5 c5 5. a3 Bxc3+ 6. bxc3 c4 7. a4 Ne7 8. Nf3 O-O 9. Bd2 Nbc6 10. Be2 Ng6
11. O-O a6 12. Bg5 Nce7 13. h3 h6 14. Bd2 Bd7 15. Qe1 b6 16. Nh2 Nf5 17. f4 Qh4 18. Qxh4 Ngxh4 19. a5 b5 20. g3 Nxg3
21. Rf2 Ne4 22. Be1 Nxf2 23. Bxf2 Ng6 24. Be3 f6 25. exf6 Rxf6 26. Rf1 Nh4 27. Ng4 Rff8 28. Ne5 Ra7 29. Nxd7 Rxd7 30. Bg4 Re7
31. Kh2 g5 32. Be2 Ref7 33. fxg5 Rxf1 34. Bxf1 Rxf1 35. gxh6 Rf3 36. Bg1 Rxc3 37. Bf2 Rxc2 38. Kg3 Nf5+ 39. Kf3 Nxh6 40. h4 b4
41. Be3 Nf5 42. h5 Rc3 43. Kf4 Nxe3 44. Ke5 b3 45. Kxe6 b2 46. h6 b1=Q 47. Kd6 Qb7 48. Ke5 Ra3 49. Kf4 Rd3 50. Ke5 c3
0-1

[Event "French Defence-Burn Variation 4---dxe4"]
[Site "SchemingMind.com"]
[Date "2007.09.07"]
[Round "-"]
[White "Theodoric"]
[Black "lacus66"]
[Result "1/2-1/2"]
[WhiteCountry "ENG"]
[BlackCountry "HUN"]
[WhiteElo "1828"]
[WhiteRD "57"]
[BlackElo "1696"]
[BlackRD "70"]
[GameID "119223"]

1. e4 e6 2. d4 d5 3. Nc3 Bb4 4. Bd2 dxe4 5. Qg4 Qxd4 6. Nge2 Qe5 7. Qxe4 Qxe4 8. Nxe4 Bxd2+ 9. Nxd2 Nf6 10. Nc3 c6
11. O-O-O O-O 12. Nc4 b6 13. Be2 Bb7 14. Nd6 Bc8 15. Rd2 a5 16. Rhd1 Nbd7 17. Bf3 Ne5 18. Be2 Nd5 19. Nxd5 cxd5 20. f4 Nc6
21. Nxc8 Raxc8 22. a3 f6 23. Ba6 Rcd8 24. Re2 e5 25. fxe5 fxe5 26. Bb7 Ne7 27. Rxe5 Rf7 28. Rde1 Rd7 29. Ba6 Kf8 30. Bd3 g6
31. Bb5 Rd6 32. b3 Nf5 33. c3 Re7 34. Rxe7 Nxe7 35. Kc2 Kf7 36. a4 Re6 37. Re2 Rxe2+ 38. Bxe2 Ke6 39. g3=
1/2-1/2

[Event "French Defence-Burn Variation 4---dxe4"]
[Site "SchemingMind.com"]
[Date "2007.09.04"]
[Round "-"]
[White "joab"]
[Black "lacus66"]
[Result "0-1"]
[WhiteCountry "CAN"]
[BlackCountry "HUN"]
[WhiteElo "1257"]
[WhiteRD "78"]
[BlackElo "1696"]
[BlackRD "70"]
[GameID "119224"]

1. e4 e6 2. d4 d5 3. exd5 exd5 4. c4 Nf6 5. Nc3 Bb4 6. Bd3 Be6 7. cxd5 Nxd5 8. Ne2 Nxc3 9. bxc3 Bd6 10. O-O O-O
11. Qc2 g6 12. Bh6 Re8
0-1

[Event "French Defence-Burn Variation 4---dxe4"]
[Site "SchemingMind.com"]
[Date "2007.09.09"]
[Round "-"]
[White "marks"]
[Black "lacus66"]
[Result "1-0"]
[WhiteCountry "PHI"]
[BlackCountry "HUN"]
[WhiteElo "1717"]
[WhiteRD "61"]
[BlackElo "1696"]
[BlackRD "70"]
[GameID "119225"]

1. e4 e6 2. d4 d5 3. e5 c5 4. Nf3 c4 5. c3 Ne7 6. Be2 Nbc6 7. O-O Ng6 8. b4 b5 9. a4 Ba6 10. axb5 Bxb5
11. Na3 a6 12. Nxb5 axb5 13. Rxa8 Qxa8 14. h4 Be7 15. Bg5 O-O 16. Qc2 Qb7 17. Ra1 h6 18. h5 Bxg5 19. hxg6 Qe7 20. Nxg5 Qxg5
21. gxf7+ Rxf7 22. Ra6 Rc7 23. g3 Qe7 24. Qg6 Qf7 25. Bh5 Qxg6 26. Bxg6 Rc8 27. Rb6 Kf8 28. Rxb5 Ne7 29. Bh5 g6 30. Bg4 Kf7
31. Rb7 h5 32. Bd1 Ke8 33. Ba4+ Kf7 34. Kf1 Ra8 35. Bd7 Nf5 36. Bc6+ Ne7 37. Rxe7+ Kxe7 38. Bxa8 g5 39. Bc6 Kd8 40. Kg2 Kc7
41. Be8
1-0

[Event "French Defence-Burn Variation 4---dxe4"]
[Site "SchemingMind.com"]
[Date "2007.09.09"]
[Round "-"]
[White "Rotceh"]
[Black "lacus66"]
[Result "1-0"]
[WhiteCountry "MEX"]
[BlackCountry "HUN"]
[WhiteElo "1546"]
[WhiteRD "69"]
[BlackElo "1724"]
[BlackRD "72"]
[GameID "119841"]

1. e4 e6 2. d4 d5 3. Nc3 Bb4 4. e5 c5 5. a3 Bxc3+ 6. bxc3 Ne7 7. Qg4 O-O 8. Bg5 Nbc6 9. Bf6 g6 10. Qg5 Qe8
11. Bd3 Nf5 12. Bxf5
1-0

[Event "French Defence-Burn Variation 4---dxe4"]
[Site "SchemingMind.com"]
[Date "2007.09.08"]
[Round "-"]
[White "Rotceh"]
[Black "Shanks"]
[Result "1-0"]
[WhiteCountry "MEX"]
[BlackCountry "ENG"]
[WhiteElo "1633"]
[WhiteRD "64"]
[BlackElo "1509"]
[BlackRD "80"]
[GameID "119842"]

1. e4 e6 2. d4 d5 3. exd5 exd5 4. Nf3 h6 5. Nc3 Nf6 6. Bf4 Be7 7. Nb5 Bb4+ 8. c3 Ba5 9. b4 Bb6 10. a4 a6
11. a5 axb5 12. axb6 Rxa1 13. Qxa1 Qe7+ 14. Be3 c6 15. Be2 O-O 16. O-O Nbd7 17. Re1 Nxb6 18. Bd3 Be6 19. Qc1 Qd7 20. Ne5 Qc8
21. Bxh6 Nbd7 22. Qg5 Ne8 23. Nxf7 Bxf7 24. Rxe8 g6 25. Rxc8 Rxc8 26. Bxg6 Nf8 27. Bf5+ Ng6 28. Bxg6 Bxg6 29. Qxg6+
1-0

[Event "French Defence-Burn Variation 4---dxe4"]
[Site "SchemingMind.com"]
[Date "2007.09.09"]
[Round "-"]
[White "Rotceh"]
[Black "Theodoric"]
[Result "0-1"]
[WhiteCountry "MEX"]
[BlackCountry "ENG"]
[WhiteElo "1633"]
[WhiteRD "64"]
[BlackElo "1850"]
[BlackRD "58"]
[GameID "119843"]

1. e4 e6 2. d4 d5 3. Nc3 Nf6 4. Bg5 dxe4 5. Nxe4 Be7 6. Nxf6+ Bxf6 7. Bxf6 Qxf6 8. Nf3 O-O 9. Bd3 Nc6 10. O-O Rd8
11. c3 Bd7 12. Re1 Re8 13. Be4 Rab8 14. Bxc6 Bxc6 15. Re3 Rbd8 16. Ne5 Bb5 17. Rf3 Qxe5 18. dxe5 Rxd1+ 19. Rxd1 Be2 20. Rfd3 Bxd1
21. Rxd1 Kf8 22. f4 Ke7 23. Kf2 Rd8 24. Rxd8 Kxd8 25. Ke3 Kd7 26. Kd4 b6 27. b4 Ke7 28. g4 a6 29. a4 h6 30. h4 g6
31. a5 Kd7 32. c4 c5+ 33. Kc3 cxb4+ 34. Kxb4 Kc6
0-1

[Event "French Defence-Burn Variation 4---dxe4"]
[Site "SchemingMind.com"]
[Date "2007.09.08"]
[Round "-"]
[White "Rotceh"]
[Black "marks"]
[Result "0-1"]
[WhiteCountry "MEX"]
[BlackCountry "PHI"]
[WhiteElo "1546"]
[WhiteRD "69"]
[BlackElo "1793"]
[BlackRD "80"]
[GameID "119845"]

1. e4 e6 2. d4 d6 3. c4 g6 4. Nf3 Bg7 5. Nc3 Ne7 6. Bg5 h6 7. Bh4 b6 8. Be2 Bb7 9. d5 Qd7 10. c5 bxc5
11. Bb5 c6 12. Ba4 O-O 13. dxe6 Qxe6 14. Qe2 Ba6 15. Qe3 Nc8 16. Nd1 Qc4 17. Bb3 Qb4+ 18. Qd2 Qxe4+ 19. Qe3 Re8 20. Rb1 Qb4+
0-1

[Event "French Defence-Burn Variation 4---dxe4"]
[Site "SchemingMind.com"]
[Date "2007.09.09"]
[Round "-"]
[White "lacus66"]
[Black "Rotceh"]
[Result "0-1"]
[WhiteCountry "HUN"]
[BlackCountry "MEX"]
[WhiteElo "1696"]
[WhiteRD "70"]
[BlackElo "1603"]
[BlackRD "64"]
[GameID "119846"]

1. e4 e6 2. d4 b6 3. a3 Bb7 4. Nc3 d5 5. e5 c5 6. Bb5+ Bc6 7. Bxc6+ Nxc6 8. Be3 cxd4 9. Bxd4 Nxd4 10. Nge2 Nc6
11. O-O Qc7 12. f4 Nh6 13. Nb5 Qd7 14. c3 Nxe5 15. fxe5 Qxb5 16. b4 Nf5 17. Nd4 Nxd4 18. cxd4 Be7 19. Qb3 O-O 20. Rac1 Rfc8
21. Rc2 Bg5 22. a4 Qd7 23. Rff2 b5 24. a5 Rc4 25. Rxc4 dxc4 26. Qc3 Rd8 27. h4 Bh6 28. g4 Qxd4 29. Qxd4 Rxd4 30. g5 Bxg5
31. hxg5 Kf8 32. Kf1 Rd5 33. Re2 Ke7 34. Kf2 f6 35. exf6+ gxf6 36. gxf6+ Kxf6 37. Ke1 Re5
0-1

[Event "French Defence-Burn Variation 4---dxe4"]
[Site "SchemingMind.com"]
[Date "2007.09.08"]
[Round "-"]
[White "Shanks"]
[Black "Rotceh"]
[Result "1-0"]
[WhiteCountry "ENG"]
[BlackCountry "MEX"]
[WhiteElo "1493"]
[WhiteRD "79"]
[BlackElo "1619"]
[BlackRD "65"]
[GameID "119847"]

1. e4 e6 2. d4 d5 3. e5 c5 4. c3 Nc6 5. Nf3 Be7 6. Be2 c4 7. O-O f6 8. b3 b5 9. bxc4 bxc4 10. exf6 Nxf6
11. h3 O-O 12. Bg5 Ne4 13. Bxe7 Nxe7 14. Qc2 Ng6 15. Nbd2 Nxd2 16. Qxd2 Bd7 17. Rae1 Ne7 18. Bd1 Nf5 19. Ne5 Rb8 20. Nxd7 Qxd7
21. Bg4 Rb6 22. Bxf5 Rxf5 23. Re3 Qb7 24. a4 Rb2 25. Qd1 Qf7 26. f3 Rg5 27. g4 Ra2 28. f4 Rg6 29. Kh1 Qc7 30. Rg1 Qxf4
31. Reg3 Rh6 32. Qb1 Rxh3+ 33. Rxh3
1-0

[Event "French Defence-Burn Variation 4---dxe4"]
[Site "SchemingMind.com"]
[Date "2007.09.10"]
[Round "-"]
[White "Theodoric"]
[Black "Rotceh"]
[Result "1-0"]
[WhiteCountry "ENG"]
[BlackCountry "MEX"]
[WhiteElo "1850"]
[WhiteRD "58"]
[BlackElo "1633"]
[BlackRD "64"]
[GameID "119848"]

1. e4 e6 2. d4 b6 3. Nf3 c5 4. c3 d5 5. e5 cxd4 6. cxd4 a6 7. Be2 Bb4+ 8. Bd2 Bxd2+ 9. Nbxd2 b5 10. O-O Nh6
11. Nb3 O-O 12. Rc1 Nd7 13. Bd3 Nb6 14. Nc5 Nc4 15. Bxc4 bxc4 16. Qd2 Nf5 17. b3 cxb3 18. Nxb3 Bd7 19. Rc3 Rc8 20. Rfc1 Qb6
21. Rxc8 Rxc8 22. Rxc8+ Bxc8 23. h3 Bd7 24. Kh2 h6 25. g4 Ne7 26. h4 Qc7 27. Nc5 Bb5 28. h5 Bc4 29. a3 Kf8 30. Qf4 Ng8
31. Nxe6+
1-0

[Event "French Defence-Burn Variation 4---dxe4"]
[Site "SchemingMind.com"]
[Date "2007.09.08"]
[Round "-"]
[White "marks"]
[Black "Rotceh"]
[Result "0-1"]
[WhiteCountry "PHI"]
[BlackCountry "MEX"]
[WhiteElo "1722"]
[WhiteRD "64"]
[BlackElo "1633"]
[BlackRD "64"]
[GameID "119850"]

1. e4 e6 2. d4 d5 3. exd5 exd5 4. Nf3 Nf6 5. Bd3 Bd6 6. O-O O-O 7. Bg5 Bg4 8. Bxh7+ Kxh7 9. Qd3+ Kg8 10. Ne5 Be6
11. f4 Be7 12. Nd2 Nh7 13. Bxe7 Qxe7 14. f5 Bd7 15. Rf3 Nc6 16. Raf1 Nxe5 17. dxe5 Qxe5 18. Rg3 a6 19. Nf3 Qxf5 20. Qd4 f6
21. c4 Qe4 22. Qd2 Qxc4 23. Qh6 Rf7 24. Rg6 Bf5 25. Rg3 Re8 26. Qh5 Qc5+ 27. Kh1 Bd7 28. Nh4 Re5 29. Qg6 Rg5 30. Rxg5 Nxg5
31. Nf5 Bxf5 32. Qxf5 Ne4 33. Qc8+ Kh7 34. Qh3+ Kg8 35. Qc8+ Rf8 36. Qe6+ Kh7 37. Qh3+ Kg6 38. Qf5+ Kf7 39. Qd7+ Qe7 40. Qxd5+ Ke8
41. Qxb7 a5 42. Qa8+ Kf7 43. Qxa5 Qd6 44. Qh5+ Kg8 45. Qe2 Qd5 46. Qc2 c5 47. Re1 Re8 48. Kg1 Qd4+ 49. Kh1 Nf2+
0-1

[Event "French Defence-Burn Variation 4---dxe4"]
[Site "SchemingMind.com"]
[Date "2007.09.09"]
[Round "-"]
[White "Dariusz1968"]
[Black "lacus66"]
[Result "1-0"]
[WhiteCountry "POL"]
[BlackCountry "HUN"]
[WhiteElo "1448"]
[WhiteRD "53"]
[BlackElo "1724"]
[BlackRD "72"]
[GameID "119881"]

1. e4 e6 2. a3 d5 3. e5 c5 4. Nf3 Ne7 5. Bb5+ Bd7 6. Bxd7+ Nxd7 7. d4 c4 8. Bg5 h6 9. Bh4 Qb6 10. Qc1 Nf5
11. Qd2 Be7 12. Bxe7 Nxe7 13. c3 O-O 14. g4 Ng6 15. h4 f6 16. g5 fxg5 17. hxg5 Rxf3 18. gxh6 Nf4 19. hxg7 Ng2+ 20. Ke2 Rf7
21. Rh8+
1-0

[Event "French Defence-Burn Variation 4---dxe4"]
[Site "SchemingMind.com"]
[Date "2007.09.08"]
[Round "-"]
[White "Dariusz1968"]
[Black "Rotceh"]
[Result "0-1"]
[WhiteCountry "POL"]
[BlackCountry "MEX"]
[WhiteElo "1448"]
[WhiteRD "53"]
[BlackElo "1546"]
[BlackRD "69"]
[GameID "119882"]

1. e4 e6 2. a3 d5 3. e5 Nc6 4. Bb5 Bd7 5. Bxc6 Bxc6 6. d4 Be7 7. Nh3 Bb5 8. Nc3 Ba6 9. Qg4 g6 10. Bg5 Bxg5
11. Nxg5 Nh6 12. Qf3 Qxg5 13. h3 Nf5 14. Rd1 Nh4 15. Qg4 Nxg2+ 16. Qxg2 Qxg2 17. Kd2 Qxf2+ 18. Kc1 c5 19. Rhf1 Bxf1 20. Kb1 cxd4
21. Na2 Rc8 22. Nb4 a5 23. Rc1 axb4 24. axb4 d3 25. c3 d2 26. Rd1 Bd3+ 27. Ka2 Bc2 28. b3 Rxc3 29. Ka3 Rxb3+ 30. Ka4 Qa7+
31. Kb5 Bd3#
0-1

[Event "French Defence-Burn Variation 4---dxe4"]
[Site "SchemingMind.com"]
[Date "2007.09.08"]
[Round "-"]
[White "Dariusz1968"]
[Black "Shanks"]
[Result "0-1"]
[WhiteCountry "POL"]
[BlackCountry "ENG"]
[WhiteElo "1332"]
[WhiteRD "53"]
[BlackElo "1509"]
[BlackRD "80"]
[GameID "119883"]

1. e4 e6 2. a3 d5 3. e5 a6 4. d4 c5 5. c3 Nc6 6. Nf3 h6 7. Be3 cxd4 8. cxd4 Nge7 9. Bd3 Qc7 10. Nbd2 Nf5
11. Bxf5 exf5 12. Rc1 Be6 13. Qa4 Be7 14. b4 b5 15. Qc2 Rc8 16. Nb3 O-O 17. Na5 Nxa5 18. Qxc7 Rxc7 19. Rxc7 Bd8 20. Ra7 Nc4
21. Rxa6 Nxe3 22. fxe3 Re8 23. Ra8 Kf8 24. O-O Be7 25. Rxe8+ Kxe8
0-1

[Event "French Defence-Burn Variation 4---dxe4"]
[Site "SchemingMind.com"]
[Date "2007.09.09"]
[Round "-"]
[White "Dariusz1968"]
[Black "Theodoric"]
[Result "0-1"]
[WhiteCountry "POL"]
[BlackCountry "ENG"]
[WhiteElo "1332"]
[WhiteRD "53"]
[BlackElo "1850"]
[BlackRD "58"]
[GameID "119884"]

1. e4 e6 2. a3 d5 3. e5 Nc6 4. d4 Nge7 5. Bg5 h6 6. Bh4 g5 7. Bg3 Nf5 8. c3 Bd7 9. Bd3 Nxg3 10. hxg3 Qe7
11. Qb3 Na5 12. Qc2 O-O-O 13. b4 Nc4 14. Bxc4 dxc4 15. Nd2 Bc6 16. f3 Bd5 17. Qa4 Kb8 18. Qb5 Qd7 19. Qxd7 Rxd7 20. Ne2 Bg7
21. O-O h5 22. f4 g4 23. b5 h4
0-1

[Event "French Defence-Burn Variation 4---dxe4"]
[Site "SchemingMind.com"]
[Date "2007.09.13"]
[Round "-"]
[White "Dariusz1968"]
[Black "marks"]
[Result "1-0"]
[WhiteCountry "POL"]
[BlackCountry "PHI"]
[WhiteElo "1448"]
[WhiteRD "53"]
[BlackElo "1793"]
[BlackRD "80"]
[GameID "119886"]

1. e4 e6 2. a3 b6 3. Bb5 a6 4. Ba4 b5 5. Bb3 Bb7 6. d3 Nc6 7. Nf3 h6 8. Be3 Nf6 9. h3 Be7 10. Nc3 d5
11. e5 Nh7 12. d4 Na5 13. Ba2 O-O 14. b4 Nc4 15. Bxc4 dxc4 16. Qd2 Ng5 17. h4 Nxf3+ 18. gxf3 Bxf3 19. Bxh6 g6 20. Rg1 Re8
21. h5 Bxh5 22. Ne2 Kh7 23. O-O-O Rg8 24. Nf4 Bxd1 25. Rxd1 c6 26. Rh1 Rh8 27. Nh5 gxh5 28. Rxh5 Kg8 29. Qf4 f5 30. Qg3+ Kf7
31. Qg7+ Ke8 32. Qxh8+ Kd7 33. Bg7 Qxh8 34. Bxh8 Rg8 35. Bf6 Bxf6 36. exf6 e5 37. dxe5 Ke6 38. f4 c3 39. Kb1 Rf8 40. Rh7 Kd5
41. Re7 Ke4 42. f7 Kxf4 43. e6
1-0

[Event "French Defence-Burn Variation 4---dxe4"]
[Site "SchemingMind.com"]
[Date "2007.09.09"]
[Round "-"]
[White "lacus66"]
[Black "Dariusz1968"]
[Result "1-0"]
[WhiteCountry "HUN"]
[BlackCountry "POL"]
[WhiteElo "1668"]
[WhiteRD "72"]
[BlackElo "1332"]
[BlackRD "53"]
[GameID "119887"]

1. e4 e6 2. d4 b6 3. a3 Bb7 4. Nc3 g6 5. Nf3 h6 6. Bd3 a6 7. O-O Bg7 8. e5 g5 9. Be4 Bxe4 10. Nxe4 d5
11. Nc3 Ne7 12. Qd3 Nbc6 13. Be3 Nf5 14. Bd2 Na5 15. Na4 O-O 16. b4 Nc6 17. h3 f6 18. Nc3 fxe5 19. dxe5 Bxe5 20. Nxe5 Nxe5
21. Qe2 Qd6 22. f4 Nf7 23. Qh5 Ng3 24. Qg6+ Kh8 25. Rf3 e5 26. Qxd6 d4 27. Qf6+ Kh7 28. Rxg3 exf4 29. Ne4 fxg3 30. Nxg3 Nd6
31. Qxd4
1-0